[Event "Bronstein Memorial 2010"]
[Site "SchemingMind.com"]
[Date "2010.02.24"]
[Round "-"]
[White "Number34"]
[Black "Darko"]
[Result "1-0"]
[WhiteCountry "USA"]
[BlackCountry "ROU"]
[WhiteElo "2281"]
[WhiteRD "66"]
[BlackElo "2021"]
[BlackRD "66"]
[GameID "239492"]

1. e4 c5 2. Nc3 Nc6 3. Nge2 e6 4. d4 cxd4 5. Nxd4 Nf6 6. Ndb5 d6 7. Bf4 e5 8. Bg5 a6 9. Na3 b5 10. Bxf6 gxf6
11. Nd5 Bg7 12. Bd3 Be6 13. O-O f5 14. Qh5 f4 15. c4 bxc4 16. Bxc4 O-O 17. Rac1 Rb8 18. b3 Qd7 19. Rfd1 Kh8 20. h3 Nd4
21. Nc2 Nxc2 22. Rxc2 f5 23. exf5 Bxf5 24. Rcd2 Qa7 25. Qg5 Bg6 26. Ne7 Rf6 27. Nc6 Qc7 28. Nxb8 Qxb8 29. Bxa6 Be4 30. Rc1
1-0

[Event "Bronstein Memorial 2010"]
[Site "SchemingMind.com"]
[Date "2010.02.24"]
[Round "-"]
[White "Darko"]
[Black "Number34"]
[Result "0-1"]
[WhiteCountry "ROU"]
[BlackCountry "USA"]
[WhiteElo "2076"]
[WhiteRD "71"]
[BlackElo "2278"]
[BlackRD "68"]
[GameID "239493"]

1. e4 c5 2. Nf3 Nc6 3. d4 cxd4 4. Nxd4 Nf6 5. Nc3 d6 6. Bg5 e6 7. Qd2 a6 8. O-O-O Be7 9. f4 Nxd4 10. Qxd4 Qa5
11. Bxf6 gxf6 12. f5 b5 13. Kb1 b4 14. Ne2 Bb7 15. Rg1 Rc8 16. b3 e5 17. Qe3 Qc7 18. Rc1 d5 19. exd5 Bxd5 20. c4 Bc5
21. Qh6 Be4+ 22. Ka1 Qb6 23. a4 bxa3 24. Ka2 Rd8
0-1

[Event "Bronstein Memorial 2010"]
[Site "SchemingMind.com"]
[Date "2010.02.21"]
[Round "-"]
[White "harsh"]
[Black "Darko"]
[Result "0-1"]
[WhiteCountry "IND"]
[BlackCountry "ROU"]
[WhiteElo "1903"]
[WhiteRD "83"]
[BlackElo "2076"]
[BlackRD "71"]
[GameID "239566"]

1. e4 c6 2. c4 e5 3. d4 Nf6 4. Nc3 Bb4 5. dxe5 Nxe4 6. Qd4 Qa5 7. Qxe4 Bxc3+ 8. Kd1 Qxe5 9. Bd3 Qxe4 10. Bxe4 Bd4
11. Nf3 Bxf2 12. Rf1 Bc5 13. Ng5 O-O 14. Bxh7+ Kh8 15. Bg6 fxg6
0-1

[Event "Bronstein Memorial 2010"]
[Site "SchemingMind.com"]
[Date "2010.02.25"]
[Round "-"]
[White "harsh"]
[Black "Number34"]
[Result "0-1"]
[WhiteCountry "IND"]
[BlackCountry "USA"]
[WhiteElo "1903"]
[WhiteRD "83"]
[BlackElo "2278"]
[BlackRD "68"]
[GameID "239567"]

1. e4 c5 2. Nf3 Nc6 3. d4 cxd4 4. c3 dxc3 5. bxc3 Nf6 6. Bc4 Nxe4 7. Bxf7+ Kxf7 8. Qd5+ e6 9. Qxe4 d5 10. Qf4+ Kg8
11. Ng5 Qf6 12. O-O Qxf4 13. Bxf4 e5 14. Be3 h6 15. Nf3 Kh7 16. Rd1 Be6 17. a4 Be7 18. Na3 b6 19. Nb5 Rhc8 20. h3 Kg8
21. Nh2 a6 22. Na3 Na5 23. Bxb6 Nb3 24. Rab1 Rxc3 25. Nc2 d4 26. Na1 Nxa1 27. Rxa1 a5 28. Re1 Rc6 29. Rab1 Bb4 30. Rxb4 axb4
31. a5 b3 32. Nf3 b2
0-1

[Event "Bronstein Memorial 2010"]
[Site "SchemingMind.com"]
[Date "2010.02.21"]
[Round "-"]
[White "Darko"]
[Black "harsh"]
[Result "0-1"]
[WhiteCountry "ROU"]
[BlackCountry "IND"]
[WhiteElo "1961"]
[WhiteRD "67"]
[BlackElo "1869"]
[BlackRD "88"]
[GameID "239568"]

1. d4 Nf6 2. c4 e6 3. Nf3 c5 4. d5 exd5 5. cxd5 d6 6. Nc3 g6 7. e4 Bg7 8. h3 Qe7 9. Bd3 O-O 10. O-O a6
11. a4 Nbd7 12. Re1 Ne5 13. Nxe5 dxe5 14. a5 Bd7 15. Na4 Bxa4 16. Qxa4 Rac8 17. Bd2 Nh5 18. g3 f5 19. exf5 gxf5 20. g4 fxg4
21. Qxg4 Nf6 22. Qh4 Qd6 23. Bg5 Rc7 24. Rad1 Rff7 25. Bf5 Nxd5 26. Bxh7+ Kf8 27. Be4 Bf6 28. Bxf6 Qxf6 29. Qxf6 Nxf6 30. Bf5 Rfe7
31. f3 Rg7+ 32. Kf2 Rg5 33. Rd8+ Ke7 34. Rc8 Rxc8 35. Bxc8 Kd6 36. Bxb7 Rg8 37. Bxa6 Ra8 38. Bc4 Rxa5 39. h4 Ra7 40. Re3 Rh7
41. Kg3 Nh5+ 42. Kg4 Nf4 43. Ra3 Rc7 44. Ra6+ Ke7 45. Kf5 Ng2 46. Kg5 Kf8 47. h5 Ne3 48. b3 Nxc4 49. bxc4 Rg7+
0-1

[Event "Bronstein Memorial 2010"]
[Site "SchemingMind.com"]
[Date "2010.02.25"]
[Round "-"]
[White "Number34"]
[Black "harsh"]
[Result "1-0"]
[WhiteCountry "USA"]
[BlackCountry "IND"]
[WhiteElo "2240"]
[WhiteRD "68"]
[BlackElo "1851"]
[BlackRD "86"]
[GameID "239569"]

1. e4 Nc6 2. f4 d5 3. exd5 Qxd5 4. Nc3 Qa5 5. Bb5 Bd7 6. Nf3 a6 7. Bxc6 Bxc6 8. O-O e6 9. d4 Nf6 10. Ne5 Bd5
11. Nxd5 Qxd5 12. c4 Qa5 13. f5 exf5 14. Qe2 Be7 15. Rxf5 O-O-O 16. Nc6
1-0

[Event "Bronstein Memorial 2010"]
[Site "SchemingMind.com"]
[Date "2010.03.02"]
[Round "-"]
[White "smothered mate"]
[Black "harsh"]
[Result "0-1"]
[WhiteCountry "POL"]
[BlackCountry "IND"]
[WhiteElo "1881"]
[WhiteRD "76"]
[BlackElo "1903"]
[BlackRD "83"]
[GameID "240572"]

1. e4 Nc6 2. d4 e5 3. Nf3 exd4 4. Nxd4 Qh4 5. Nc3 Bb4 6. Be2 Nf6 7. O-O Bxc3 8. Nf5 Qxe4 9. Bd3 Qe5 10. bxc3 O-O
11. Qf3 d6 12. Bg5 Bxf5 13. Bxf5 Ne7 14. Bxf6 Qxf6 15. Be4 Qxf3 16. Bxf3 c6 17. Rfe1 Rfe8
0-1

[Event "Bronstein Memorial 2010"]
[Site "SchemingMind.com"]
[Date "2010.03.03"]
[Round "-"]
[White "smothered mate"]
[Black "Darko"]
[Result "0-1"]
[WhiteCountry "POL"]
[BlackCountry "ROU"]
[WhiteElo "1829"]
[WhiteRD "77"]
[BlackElo "2021"]
[BlackRD "66"]
[GameID "240573"]

1. e4 e5 2. Nf3 Nc6 3. Bb5 a6 4. Bxc6 dxc6 5. O-O Qd6 6. Na3 Be6 7. Qe2 f6 8. Rd1 O-O-O 9. d4 Bg4 10. Be3 Qe6
11. dxe5 Rxd1+
0-1

[Event "Bronstein Memorial 2010"]
[Site "SchemingMind.com"]
[Date "2010.03.02"]
[Round "-"]
[White "smothered mate"]
[Black "Number34"]
[Result "0-1"]
[WhiteCountry "POL"]
[BlackCountry "USA"]
[WhiteElo "1829"]
[WhiteRD "77"]
[BlackElo "2281"]
[BlackRD "66"]
[GameID "240574"]

1. e4 Nf6 2. e5 Nd5 3. c4 Nb6 4. d4 d6 5. exd6 cxd6 6. d5 e5 7. Nc3 Be7 8. Bd3 O-O 9. Nge2 f5 10. b3 Na6
11. f4 e4 12. Bb1 Bh4+ 13. g3 Bf6 14. Be3 Nc5 15. Bd4 Bd7 16. Bxf6 Qxf6 17. Qd4 Qe7 18. Nd1 Rae8 19. Ne3 Nd3+ 20. Kd2 Nc5
21. Bc2 Rf6 22. Nc3 Ra8 23. Rhe1 a5 24. Re2 Nc8 25. Rae1 Qd8 26. g4 Qb6
0-1

[Event "Bronstein Memorial 2010"]
[Site "SchemingMind.com"]
[Date "2010.03.02"]
[Round "-"]
[White "harsh"]
[Black "smothered mate"]
[Result "0-1"]
[WhiteCountry "IND"]
[BlackCountry "POL"]
[WhiteElo "1851"]
[WhiteRD "86"]
[BlackElo "1918"]
[BlackRD "74"]
[GameID "240575"]

1. e4 e5 2. Nc3 d6 3. f4 exf4 4. Nf3 g5 5. Bc4 g4 6. O-O gxf3 7. Qxf3 Be6 8. Bxe6 fxe6 9. Qh5+ Kd7 10. Rxf4 Nc6
11. Rf7+ Be7 12. d3 Nf6 13. Qh4 Ke8 14. Rg7 Ne5 15. Bg5 Rg8 16. Rxe7+ Qxe7 17. Bxf6 Nf3+
0-1

[Event "Bronstein Memorial 2010"]
[Site "SchemingMind.com"]
[Date "2010.03.03"]
[Round "-"]
[White "Darko"]
[Black "smothered mate"]
[Result "1-0"]
[WhiteCountry "ROU"]
[BlackCountry "POL"]
[WhiteElo "2021"]
[WhiteRD "66"]
[BlackElo "1829"]
[BlackRD "77"]
[GameID "240576"]

1. e4 e5 2. Nf3 Nc6 3. Bb5 a6 4. Ba4 Nf6 5. O-O b5 6. Bb3 Be7 7. Re1 O-O 8. c3 d6 9. h3 Na5 10. Bc2 c5
11. d4 cxd4 12. cxd4 Bb7 13. d5 Rc8 14. Nbd2 Qc7 15. Bd3
1-0

[Event "Bronstein Memorial 2010"]
[Site "SchemingMind.com"]
[Date "2010.03.03"]
[Round "-"]
[White "Number34"]
[Black "smothered mate"]
[Result "1-0"]
[WhiteCountry "USA"]
[BlackCountry "POL"]
[WhiteElo "2278"]
[WhiteRD "68"]
[BlackElo "1881"]
[BlackRD "76"]
[GameID "240577"]

1. d4 d5 2. Nf3 e6 3. e3 c5 4. b3 Nc6 5. Bd3 Nf6 6. Bb2 Be7 7. O-O O-O 8. Nbd2 b6 9. a3 Bb7 10. Ne5 Nxe5
11. dxe5 Ne4 12. Qh5 g6 13. Qe2 Nxd2 14. Qxd2 f6 15. f4 Rf7 16. Be2 Qf8 17. exf6 Bxf6 18. Bxf6 Rxf6 19. Rad1 Rd8 20. Bf3 Ba6
21. c4 d4 22. Rfe1 Re8 23. exd4 Rxf4 24. d5 Bb7 25. Qe2
1-0

[Event "Bronstein Memorial 2010"]
[Site "SchemingMind.com"]
[Date "2010.03.03"]
[Round "-"]
[White "Chezzdevil"]
[Black "harsh"]
[Result "1-0"]
[WhiteCountry "BEL"]
[BlackCountry "IND"]
[WhiteElo "2178"]
[WhiteRD "96"]
[BlackElo "1851"]
[BlackRD "86"]
[GameID "240764"]

1. d4 d5 2. c4 c6 3. Nc3 e6 4. e3 Nf6 5. b3 Bb4 6. Bb2 Qa5 7. Qc2 Ne4 8. Ne2 Nd7 9. a3 Bxc3+ 10. Nxc3 Ndf6
11. Bd3 Nxc3 12. Bxc3 Qc7 13. c5 b6 14. cxb6 axb6 15. Bb4 Ba6 16. Bxa6 Rxa6 17. Rc1 Kd7 18. Qd3 Raa8 19. Rc2 h5 20. O-O Ng4
21. g3 h4 22. f3 hxg3 23. fxg4 gxh2+ 24. Kh1 f6 25. Qg6 Kc8 26. Rfc1 Rh6 27. Qxh6
1-0

[Event "Bronstein Memorial 2010"]
[Site "SchemingMind.com"]
[Date "2010.03.03"]
[Round "-"]
[White "Chezzdevil"]
[Black "Darko"]
[Result "1-0"]
[WhiteCountry "BEL"]
[BlackCountry "ROU"]
[WhiteElo "2248"]
[WhiteRD "84"]
[BlackElo "2076"]
[BlackRD "71"]
[GameID "240765"]

1. d4 Nf6 2. g4 Nxg4 3. e4 d6 4. Be2 Nf6 5. Nc3 d5 6. e5 Ne4 7. Be3 Bf5 8. Nxe4 dxe4 9. h4 e6 10. c3 Be7
11. h5 O-O 12. f3 exf3 13. Nxf3 Be4 14. Rg1 Bxf3 15. Bxf3 Bh4+ 16. Ke2 c6 17. Qd3 f5 18. exf6 Bxf6 19. Raf1 Nd7 20. Be4 Rf7
21. Bxh7+ Kh8 22. Bg6 Re7 23. h6 c5 24. hxg7+
1-0

[Event "Bronstein Memorial 2010"]
[Site "SchemingMind.com"]
[Date "2010.03.03"]
[Round "-"]
[White "Chezzdevil"]
[Black "smothered mate"]
[Result "1-0"]
[WhiteCountry "BEL"]
[BlackCountry "POL"]
[WhiteElo "2248"]
[WhiteRD "84"]
[BlackElo "1881"]
[BlackRD "76"]
[GameID "240766"]

1. d4 d5 2. c4 e6 3. Nc3 c5 4. cxd5 exd5 5. Nf3 Nc6 6. dxc5 d4 7. Na4 Bxc5 8. Nxc5 Qa5+ 9. Bd2 Qxc5 10. e3 Bg4
11. Rc1 Qd5 12. Bc4 Qh5 13. Be2 dxe3 14. Bxe3 Nge7 15. Rc5 f5 16. Qb3 O-O-O 17. Bf4 Rd7 18. Ne5 Bxe2 19. Nxd7
1-0

[Event "Bronstein Memorial 2010"]
[Site "SchemingMind.com"]
[Date "2010.03.02"]
[Round "-"]
[White "Chezzdevil"]
[Black "Number34"]
[Result "1/2-1/2"]
[WhiteCountry "BEL"]
[BlackCountry "USA"]
[WhiteElo "2248"]
[WhiteRD "84"]
[BlackElo "2278"]
[BlackRD "68"]
[GameID "240767"]

1. d4 Nf6 2. c4 g6 3. Nc3 Bg7 4. e4 d6 5. f3 O-O 6. Be3 c5 7. Nge2 Nc6 8. d5 Ne5 9. Ng3 e6 10. Be2 exd5
11. cxd5 h5 12. O-O a6 13. a4 Nh7 14. Qc1 h4 15. Nh1 h3 16. g3 f5 17. Nf2 fxe4 18. Nfxe4 Qe7 19. Bf4 Bf5 20. Qd2 Nf7
21. Rae1 Bd4+ 22. Kh1 g5 23. Be3 Bxe3 24. Qxe3 Rae8 25. Qd2 Qe5 26. Bd3 Qd4 27. Qc2 c4 28. Nf6+ Nxf6 29. Bxf5 Rxe1 30. Rxe1 Ne5
31. Bxh3 Kg7 32. Qf5 Qd2 33. Rd1 Qe3 34. f4 Nh7 35. Qe6 Rf6 36. Qe7+ Rf7 37. Qe6 gxf4 38. gxf4 Qxf4 39. Rf1 Nf3 40. Qg4+ Nhg5
41. Qxf4 Rxf4 42. Bc8 Rf8 43. h4 Rh8 44. Kg2 Nxh4+ 45. Kg3 Rxc8 46. Kxh4 Nf7 47. Ne4 Rh8+ 48. Kg3 Rh5 49. Rd1 b5 50. axb5 axb5
51. b3 cxb3 52. Rb1 Rxd5 53. Rxb3 Kg6 54. Kf4 Rf5+ 55. Kg3 d5 56. Nc3 Nd6 57. Ne2 Kf6 58. Nd4 Rf1 59. Kg2 Rf4 60. Rd3 Ke5
61. Nc6+ Ke6 62. Nd4+ Rxd4 63. Rxd4 Nc4 64. Kf3 Ke5 65. Rh4 b4 66. Ke2 b3 67. Kd3 b2 68. Kc2 d4 69. Rh5+ Kf4 70. Rh4+ Ke3
71. Rh3+ Ke4 72. Rh4+ Kd5 73. Rh5+ Ke6 74. Rh6+ Kd5 75. Rh5+ Kc6=
1/2-1/2

[Event "Bronstein Memorial 2010"]
[Site "SchemingMind.com"]
[Date "2010.03.03"]
[Round "-"]
[White "harsh"]
[Black "Chezzdevil"]
[Result "0-1"]
[WhiteCountry "IND"]
[BlackCountry "BEL"]
[WhiteElo "1851"]
[WhiteRD "86"]
[BlackElo "2178"]
[BlackRD "96"]
[GameID "240768"]

1. e4 e5 2. Nf3 Nc6 3. Bc4 Nf6 4. Ng5 d5 5. exd5 b5 6. Bf1 h6 7. Nxf7 Kxf7 8. dxc6 Bc5 9. Nc3 Qd4 10. Qe2 a6
11. d3 Qd6 12. Ne4 Nxe4 13. Qxe4 Be6 14. Be2 Bd5 15. Bh5+ g6 16. Bxg6+ Kg7
0-1

[Event "Bronstein Memorial 2010"]
[Site "SchemingMind.com"]
[Date "2010.03.03"]
[Round "-"]
[White "Darko"]
[Black "Chezzdevil"]
[Result "1/2-1/2"]
[WhiteCountry "ROU"]
[BlackCountry "BEL"]
[WhiteElo "2015"]
[WhiteRD "68"]
[BlackElo "2249"]
[BlackRD "89"]
[GameID "240769"]

1. e4 e5 2. Nf3 Nc6 3. Bb5 Bd6 4. Bxc6 dxc6 5. d4 Bg4 6. dxe5 Bxe5 7. Qxd8+ Rxd8 8. h3 Bxf3 9. gxf3 Ne7 10. Nc3 f5
11. Bd2 O-O 12. f4 Bxc3 13. Bxc3 fxe4 14. Rg1 Nf5 15. Rd1 Rxd1+ 16. Kxd1 g6 17. Be5 e3 18. fxe3 Nxe3+ 19. Kc1 Rf7 20. Re1 Nd5
21. Re4 Kf8 22. Kd2 c5 23. c4 Nb4 24. a3 Nc6 25. Bc3 Rd7+ 26. Ke2 Nd4+ 27. Bxd4 Rxd4 28. Rxd4 cxd4 29. c5 b6 30. b4 Kf7
31. Kd3 bxc5 32. bxc5 Kf6 33. Kxd4 c6 34. a4 Kf5 35. Ke3 Ke6 36. Ke4 Kf6 37. a5 Ke6 38. a6 Kf6 39. Ke3 Kf5 40. Kf3 Kf6
41. Ke4 Ke6 42. Kd4 Kf5 43. Ke3 h6 44. Kf3 g5 45. fxg5 hxg5 46. Kg3 Ke6 47. Kg4 Kf6 48. Kf3 Ke5 49. Kg4 Kf6 50. Kf3 Kf5
51. Kg3 Ke6 52. Kg4 Kf6 53. Kf3 Kf5 54. Kg3
1/2-1/2

[Event "Bronstein Memorial 2010"]
[Site "SchemingMind.com"]
[Date "2010.03.03"]
[Round "-"]
[White "smothered mate"]
[Black "Chezzdevil"]
[Result "0-1"]
[WhiteCountry "POL"]
[BlackCountry "BEL"]
[WhiteElo "1881"]
[WhiteRD "76"]
[BlackElo "2248"]
[BlackRD "84"]
[GameID "240770"]

1. e4 e5 2. Nf3 Nc6 3. Bb5 Bd6 4. O-O a6 5. Bxc6 dxc6 6. h3 c5 7. c3 Ne7 8. d4 cxd4 9. cxd4 exd4 10. Qxd4 O-O
11. e5 Nc6 12. Qe4 Nxe5 13. Nxe5 Qe7 14. Re1 Re8 15. f4 f6 16. Qd5+ Be6 17. Qxb7 fxe5 18. fxe5 Bc5+ 19. Kh1 Rad8 20. Nc3 Bd4
21. Qf3 Rf8
0-1

[Event "Bronstein Memorial 2010"]
[Site "SchemingMind.com"]
[Date "2010.03.03"]
[Round "-"]
[White "Number34"]
[Black "Chezzdevil"]
[Result "0-1"]
[WhiteCountry "USA"]
[BlackCountry "BEL"]
[WhiteElo "2240"]
[WhiteRD "68"]
[BlackElo "2178"]
[BlackRD "96"]
[GameID "240771"]

1. e4 e5 2. f4 d5 3. exd5 exf4 4. Bc4 Qh4+ 5. Kf1 Bd6 6. Nf3 Qh6 7. Nc3 Ne7 8. Kf2 Nd7 9. Re1 O-O 10. d4 Nf6
11. Nb5 Nexd5 12. Bxd5 Nxd5 13. Nxd6 cxd6 14. c4 Nf6 15. Kg1 Bg4 16. Qb3 b6 17. Bd2 Rae8 18. Rxe8 Rxe8 19. Re1 Rxe1+ 20. Nxe1 Ne4
21. Qd3 Bf5 22. Nf3 g5 23. Be1 g4 24. Nh4 Qg5 25. Qf1 h5 26. Nxf5 Qxf5 27. Qd3 f3 28. Qe3 Ng5 29. b4 h4 30. Bxh4 Qb1+
31. Qe1 Qxa2 32. Qf2 Qa1+ 33. Qf1 Qxd4+ 34. Qf2 Qxf2+ 35. Bxf2 fxg2 36. Kxg2 Ne4 37. Be3 f5 38. h3 Kf7 39. hxg4 fxg4 40. Kf1 Ke6
41. Ke2 d5 42. Kd3 g3 43. cxd5+ Kxd5 44. Ke2 Kc4 45. Kf3 Kd3 46. Bf4 a5 47. bxa5 bxa5 48. Bh6 a4 49. Bf8 Kc4 50. Be7 Kb3
0-1

[Event "Bronstein Memorial 2010"]
[Site "SchemingMind.com"]
[Date "2010.03.10"]
[Round "-"]
[White "cirovicz"]
[Black "harsh"]
[Result "0-1"]
[WhiteCountry "SRB"]
[BlackCountry "IND"]
[WhiteElo "1767"]
[WhiteRD "122"]
[BlackElo "1903"]
[BlackRD "83"]
[GameID "241487"]

1. e4 Nc6 2. f4 e5 3. Nf3 exf4 4. d4 d6 5. d5 Ne5 6. Nxe5 dxe5 7. c4 Qh4+ 8. Kd2 Qf2+ 9. Qe2 Qd4+ 10. Kc2 f5
11. Nc3 fxe4 12. Qxe4 Qf2+ 13. Be2 Bd6 14. Rf1 Qd4 15. Qxd4 exd4 16. Nb5 g5 17. Nxd4 Nf6 18. g3 Bh3 19. Re1 O-O-O 20. gxf4 gxf4
21. Nb5 Bb4 22. Bd2 Bxd2 23. Kxd2 Ne4+ 24. Kc2= Rhf8 25. Nd4 Ng5 26. Bf1 Bg4 27. Ne6 Nxe6 28. dxe6 Rfe8 29. Be2 Bf5+ 30. Kc3 Rxe6
31. h4 Re3+ 32. Kb4 Rde8 33. Rad1 Rxe2
0-1

[Event "Bronstein Memorial 2010"]
[Site "SchemingMind.com"]
[Date "2010.03.14"]
[Round "-"]
[White "cirovicz"]
[Black "Darko"]
[Result "0-1"]
[WhiteCountry "SRB"]
[BlackCountry "ROU"]
[WhiteElo "1825"]
[WhiteRD "113"]
[BlackElo "2015"]
[BlackRD "68"]
[GameID "241488"]

1. c4 Nf6 2. d4 e6 3. Nc3 Bb4 4. Nf3 c5 5. e3 O-O 6. Bd3 d5 7. O-O Nc6 8. cxd5 exd5 9. a3 cxd4 10. Nxd4 Bxc3
11. bxc3 Ne5 12. f4 Nxd3 13. Qxd3 Ne4 14. c4 Nc5 15. Qc2 dxc4 16. Rf3 Qd5 17. Bb2 Nd3 18. Bc3 b6 19. Rb1 Bd7 20. Ba1 Rfe8
21. Qc3 f6 22. Rg3 Re7 23. Nf3 Kf8 24. e4 Qc5+ 25. Nd4 Rxe4 26. Kf1 Rxf4+ 27. Kg1 Re8 28. h4 Ree4 29. Kh2 Rxh4+ 30. Rh3 Bxh3
31. gxh3 Rxd4 32. Rf1 Qe5+ 33. Kg2 Qe2+ 34. Rf2 Qxf2+
0-1

[Event "Bronstein Memorial 2010"]
[Site "SchemingMind.com"]
[Date "2010.03.14"]
[Round "-"]
[White "cirovicz"]
[Black "smothered mate"]
[Result "1-0"]
[WhiteCountry "SRB"]
[BlackCountry "POL"]
[WhiteElo "1843"]
[WhiteRD "113"]
[BlackElo "1829"]
[BlackRD "77"]
[GameID "241489"]

1. e4 e5 2. d4 exd4 3. Nf3 Nc6 4. c3 d3 5. Qxd3 d6 6. Be2 Nf6 7. O-O= Bg4 8. h3 Bxf3 9. Bxf3 Ne5 10. Qd1 Be7
11. Bf4
1-0

[Event "Bronstein Memorial 2010"]
[Site "SchemingMind.com"]
[Date "2010.03.09"]
[Round "-"]
[White "cirovicz"]
[Black "Chezzdevil"]
[Result "0-1"]
[WhiteCountry "SRB"]
[BlackCountry "BEL"]
[WhiteElo "1767"]
[WhiteRD "122"]
[BlackElo "2248"]
[BlackRD "84"]
[GameID "241490"]

1. e4 e5 2. Nf3 Nc6 3. Bb5 Bd6 4. Nc3 Nf6 5. d4 Nxd4 6. Ba4 Nxf3+ 7. Qxf3 O-O 8. Bg5 Be7 9. h4 c6 10. Bxf6 Bxf6
11. g4 g6 12. g5 Be7 13. O-O-O b5 14. Bb3 a5 15. h5 Bxg5+ 16. Kb1 a4 17. hxg6 axb3 18. Qh5 bxa2+ 19. Ka1 h6 20. Rdg1 Qf6
21. gxf7+ Rxf7 22. f4 Qxf4 23. Qg6+ Rg7 24. Rxh6 Bxh6 25. Qe8+ Qf8 26. Rxg7+ Bxg7
0-1

[Event "Bronstein Memorial 2010"]
[Site "SchemingMind.com"]
[Date "2010.03.09"]
[Round "-"]
[White "cirovicz"]
[Black "Number34"]
[Result "0-1"]
[WhiteCountry "SRB"]
[BlackCountry "USA"]
[WhiteElo "1767"]
[WhiteRD "122"]
[BlackElo "2278"]
[BlackRD "68"]
[GameID "241491"]

1. e4 c5 2. f4 d5 3. exd5 Nf6 4. c4 e6 5. d4 cxd4 6. Qxd4 Na6 7. Nc3 Bc5 8. Qd1 O-O 9. Nf3 exd5 10. Nxd5 Ng4
11. Nd4 Re8+ 12. Be2 Qh4+ 13. g3 Qh3 14. Kd2 Bxd4 15. Qa4 Re7 16. Nxe7+ Kf8 17. Re1 Qxh2 18. Kc2 Nc5 19. Qb4 Kxe7 20. Kb1 Kf8
21. Bd2 Bf5+ 22. Kc1 Re8 23. Bc3 Rxe2 24. Bxd4 Rxe1+ 25. Qxe1 Qc2#
0-1

[Event "Bronstein Memorial 2010"]
[Site "SchemingMind.com"]
[Date "2010.03.10"]
[Round "-"]
[White "harsh"]
[Black "cirovicz"]
[Result "1-0"]
[WhiteCountry "IND"]
[BlackCountry "SRB"]
[WhiteElo "1903"]
[WhiteRD "83"]
[BlackElo "1767"]
[BlackRD "122"]
[GameID "241492"]

1. Nc3 Nc6 2. e4 e5 3. Bc4 Bc5 4. Qg4 Qf6 5. Nd5 Qxf2+ 6. Kd1 Nge7 7. Nxc7+ Kf8 8. Nxa8 d5 9. Qe2 dxc4 10. Qxf2 Bxf2
11. Nc7 Bg4+ 12. Nf3 Nd4 13. h3 Bh5 14. g4 Bg6 15. Nxd4 Bxe4 16. Rf1 Bxd4 17. Ne6+ Ke8 18. Nxg7+ Kd7 19. c3 Bg2 20. Rxf7 Bxh3
21. cxd4 Bxg4+ 22. Kc2 exd4 23. d3 Kd6 24. Bf4+
1-0

[Event "Bronstein Memorial 2010"]
[Site "SchemingMind.com"]
[Date "2010.03.14"]
[Round "-"]
[White "Darko"]
[Black "cirovicz"]
[Result "1-0"]
[WhiteCountry "ROU"]
[BlackCountry "SRB"]
[WhiteElo "2021"]
[WhiteRD "66"]
[BlackElo "1843"]
[BlackRD "113"]
[GameID "241493"]

1. d4 d5 2. c4 dxc4 3. e4 e5 4. d5 c6 5. Nc3 Bb4 6. Bxc4 Bxc3+ 7. bxc3 cxd5 8. Bxd5 Nc6 9. Qh5 Qf6 10. Nf3 Nge7
11. c4 Nxd5 12. cxd5 Nd4 13. Nxd4 exd4 14. O-O O-O 15. Bb2 Qb6 16. Rab1 g6 17. Qh6 f6 18. Rfd1 Bg4 19. Bxd4 Qa6 20. f3 Bd7
21. Rb2 Qa4 22. Rdd2 Rac8 23. h4 Rc4 24. Rxb7 Rxd4 25. Rxd7 Qxd7 26. Rxd4 Qb5 27. Qd2 Qc5 28. Kh2 f5 29. e5 Kg7 30. Qb4
1-0

[Event "Bronstein Memorial 2010"]
[Site "SchemingMind.com"]
[Date "2010.03.10"]
[Round "-"]
[White "Chezzdevil"]
[Black "cirovicz"]
[Result "1-0"]
[WhiteCountry "BEL"]
[BlackCountry "SRB"]
[WhiteElo "2248"]
[WhiteRD "84"]
[BlackElo "1767"]
[BlackRD "122"]
[GameID "241495"]

1. d4 d5 2. c4 dxc4 3. Nc3 c5 4. d5 e6 5. e4 exd5 6. Qxd5 Nc6 7. Qxd8+ Nxd8 8. Bxc4 a6 9. Nf3 f6 10. Nd5 Bd6
11. O-O Bg4 12. Nb6 Rb8 13. e5 Bxe5 14. Nxe5 fxe5 15. Re1 Nc6 16. Bf4 Nf6 17. Bxe5 Nxe5 18. Rxe5+ Kd8 19. f3 Bh5 20. Rxc5 Re8
21. Rd1+ Ke7 22. Rc7+ Kf8 23. g4 Bg6 24. g5 Red8 25. Rxd8+ Rxd8 26. gxf6 gxf6 27. Rxb7 Rd1+ 28. Kf2 Rd2+ 29. Kg3 h5 30. Nd7+ Ke8
31. Nxf6+ Kf8 32. h4 Be4 33. Rf7#
1-0

[Event "Bronstein Memorial 2010"]
[Site "SchemingMind.com"]
[Date "2010.03.10"]
[Round "-"]
[White "Number34"]
[Black "cirovicz"]
[Result "1-0"]
[WhiteCountry "USA"]
[BlackCountry "SRB"]
[WhiteElo "2278"]
[WhiteRD "68"]
[BlackElo "1767"]
[BlackRD "122"]
[GameID "241496"]

1. e4 c5 2. Nf3 e6 3. d4 cxd4 4. Nxd4 Nc6 5. Nc3 a6 6. Be2 Bb4 7. Nxc6 bxc6 8. Qd4 Bxc3+ 9. Qxc3 Qf6 10. e5 Qg6
11. O-O Ne7 12. Qc5 f5 13. Rd1 Kf7 14. Rd3 Nd5 15. Rg3 Bb7 16. Rxg6 hxg6 17. Qd6 Rad8 18. Bg5
1-0